000 00639nam a22002177a 4500
003 UA-OsUOA
001 83385
007 ta
008 20120410b un ||||| |||| 00| 0 ukr d
100 _aКорж М.А.
090 _a330(477)
_bК66
942 _cSA
040 _aUA-OsUOA
_bukr
_cUA-OsUOA
_dUA-OsUOA
245 _aПряме іноземне інвестування в умовах фінансової глобалізації
300 _aС.61-77
955 _a0
041 _aukr
080 _a330(477)
773 0 _w83376
_tФінанси України
_dК.
_d2011
_g12
650 7 _a330 Економіка взагалі
_2UDC
999 _c369696
_d369696